Bukan TEMAN PENGGANTI

Bibliographic Details
Main Author: Haniz Azla (Author)
Format: Book
Language:Malay
Published: Shah Alam, Selangor : GRUP BUKU KARANGKRAF SDN.BHD. [2017]
Subjects:

MARC

LEADER 00000cam a2200000 7i4500
001 0000030741
005 20240910.0
008 240215 my may
020 |a 9789678607667 (paperback) 
040 |a INS   |b eng   |e rda 
090 0 0 |a PL5186.H36   |b .B85 2017 
100 0 |a Haniz Azla ,   |e author 
245 1 0 |a Bukan TEMAN PENGGANTI   |c HANIS AZLA 
264 1 |a Shah Alam, Selangor :   |b GRUP BUKU KARANGKRAF SDN.BHD.   |c [2017] 
300 |a 615 pages ;   |c 19 cm. 
336 |a text  |2 rdacontent 
337 |a unmediated  |2 rdamedia 
338 |a volume  |2 rdacarrier 
650 0 |a Malay fiction 
650 0 |a Malaysian fiction (Malay) 
999 |a 0000025036   |b BOOK   |c Open Shelf   |e Default branch